| 000 | 00768nam a22002057a 4500 | ||
|---|---|---|---|
| 003 | UA-OsUOA | ||
| 001 | 43972 | ||
| 007 | ta | ||
| 008 | 20091209b un ||||| |||| 00| 0 ukr d | ||
| 090 |
_a050 _bС25 |
||
| 942 | _cNP | ||
| 040 |
_aUA-OsUOA _bukr _cUA-OsUOA _dUA-OsUOA |
||
| 245 |
_aСвобода _b2009: 10 квітня Ч.15; 15 травня Ч.20; 29 травня Ч.22; 5 червня Ч.23; 12 червня Ч.24; 19 червня Ч.25; 26 червня Ч.26; 3 липня Ч.27 |
||
| 955 | _a4 | ||
| 041 | _aukr | ||
| 080 | _a050 | ||
| 246 | 3 | 1 | _aSvoboda |
| 650 | 7 |
_a050 Серійні публікації. Періодика галузі, Організація та інші типи поєднання (співробітництва) _2UDC |
|
| 999 |
_c423820 _d423820 |
||